F1 Drivers 2018 - Statistics

General Stats
  • This quiz has been taken 504 times
  • The average score is 17 of 20
Answer Stats
Team Driver % Correct
Mercedes Lewis Hamilton
99%
Ferrari Sebastian Vettel
98%
Mercedes Valterri Bottas
98%
Red Bull Max Verstappen
97%
Red Bull Daniel Ricciardo
92%
Ferrari Kimi Raikkonen
92%
Force India Sergio Perez
92%
McLaren Fernando Alonso
90%
Force India Esteban Ocon
88%
Renault Carlos Sainz
87%
Haas Kevin Magnussen
87%
Williams Lance Stroll
85%
Toro Rosso Pierre Gasly
85%
Haas Romain Grosjean
85%
Sauber Charles Leclerc
84%
Renault Nico Hulkenberg
84%
Sauber Marcus Ericsson
66%
McLaren Stoffel Vandoorne
64%
Toro Rosso Brendon Hartley
62%
Williams Sergey Sirotkin
59%
No matching quizzes found
Score Distribution
Percent of People with Each Score
Percentile by Number Answered
Your Score History
You have not taken this quiz